<?xml version="1.0" encoding="UTF-8"?>
<record
    xmlns:xsi="http://www.w3.org/2001/XMLSchema-instance"
    xsi:schemaLocation="http://www.loc.gov/MARC21/slim http://www.loc.gov/standards/marcxml/schema/MARC21slim.xsd"
    xmlns="http://www.loc.gov/MARC21/slim">

  <leader>00544nam a22001577a 4500</leader>
  <controlfield tag="003">OSt</controlfield>
  <controlfield tag="005">20240404104411.0</controlfield>
  <controlfield tag="008">240404b        |||||||| |||| 00| 0 eng d</controlfield>
  <datafield tag="040" ind1=" " ind2=" ">
    <subfield code="c">Central Library MRSPTU</subfield>
  </datafield>
  <datafield tag="100" ind1=" " ind2=" ">
    <subfield code="a">Maha Prabhu (&#xA2E;&#xA39;&#xA3E;&#xA02;&#xA2A;&#xA4D;&#xA30;&#xA2D;&#xA42;)</subfield>
  </datafield>
  <datafield tag="245" ind1=" " ind2=" ">
    <subfield code="a">Fangshui De Chamatkari Upaa (&#xA2B;&#xA48;&#xA02;&#xA17;&#xA38;&#xA3C;&#xA41;&#xA08; &#xA26;&#xA47; &#xA1A;&#xA2E;&#xA24;&#xA15;&#xA3E;&#xA30;&#xA40; &#xA09;&#xA2A;&#xA3E;&#xA05;)</subfield>
    <subfield code="b">&#xA24;&#xA30;&#xA71;&#xA15;&#xA40;, &#xA38;&#xA2B;&#xA32;&#xA24;&#xA3E; &#xA05;&#xA24;&#xA47; &#xA35;&#xA3E;&#xA27;&#xA47; &#xA32;&#xA08;)</subfield>
  </datafield>
  <datafield tag="250" ind1=" " ind2=" ">
    <subfield code="a">1st</subfield>
  </datafield>
  <datafield tag="260" ind1=" " ind2=" ">
    <subfield code="a">Mansa (Punjab)</subfield>
    <subfield code="b">Udaan Publications</subfield>
  </datafield>
  <datafield tag="300" ind1=" " ind2=" ">
    <subfield code="a">108</subfield>
  </datafield>
  <datafield tag="942" ind1=" " ind2=" ">
    <subfield code="2">ddc</subfield>
    <subfield code="c">BK</subfield>
    <subfield code="n">0</subfield>
  </datafield>
  <datafield tag="952" ind1=" " ind2=" ">
    <subfield code="0">0</subfield>
    <subfield code="1">0</subfield>
    <subfield code="2">ddc</subfield>
    <subfield code="4">0</subfield>
    <subfield code="7">0</subfield>
    <subfield code="8">BK</subfield>
    <subfield code="a">MCL</subfield>
    <subfield code="b">MCL</subfield>
    <subfield code="d">2024-04-04</subfield>
    <subfield code="l">0</subfield>
    <subfield code="p">G-156</subfield>
    <subfield code="r">2024-04-04 10:49:27</subfield>
    <subfield code="w">2024-04-04</subfield>
    <subfield code="y">BK</subfield>
  </datafield>
  <datafield tag="999" ind1=" " ind2=" ">
    <subfield code="c">9989</subfield>
    <subfield code="d">9989</subfield>
  </datafield>
</record>
